| 000 | 00813nam a22002057a 4500 | ||
|---|---|---|---|
| 005 | 20100821124947.0 | ||
| 010 | _aENG-101199 | ||
| 020 | _c100.00 | ||
| 035 | _aEN-84732 | ||
| 037 | _bDBAD/PUB | ||
| 082 | _a181.4 | ||
| 100 |
_aRao, M.Bhimasen _916751 |
||
| 245 |
_aThyagaraja Tattva-Bodha Chaturdasa Kriti Manjari : _cby M.Bhimasen Rao _ba bird's-eye-view of the philosophy of Thyagaraja / |
||
| 260 |
_aBerhampur _bM.Bhimsen Rao _c2009 |
||
| 270 |
_aSuraj Vihar - I, (West Side) Behind 9th Line Tulasinagar _bBerhampur _e760001 |
||
| 300 |
_axv,160p. _c21cm (pbk) |
||
| 500 | _aincludes bibliographical references | ||
| 942 |
_2ddc _cEN _h181.4 _mRAO |
||
| 999 |
_c42878 _d42878 |
||